Jadernaja fizika i jadernyje reaktory
Salvato in:
| Autore principale: | |
|---|---|
| Natura: | Libro |
| Lingua: | russo |
| Pubblicazione: |
Moskva :
Energoatomizdat,
1985
|
| Edizione: | 2.izd. |
| Tags: |
Nessun Tag, puoi essere il primo ad aggiungerne!!
|
MARC
| LEADER | 00000nam a22000003a 4500 | ||
|---|---|---|---|
| 001 | stu86178 | ||
| 005 | 20150617225633.3 | ||
| 008 | 040423s1985------------------------rus-d | ||
| 040 | |a STU |b slo | ||
| 041 | 0 | |a rus | |
| 100 | 1 | |a Klimov, Apollon Nikolajevič |4 aut | |
| 245 | 1 | |a Jadernaja fizika i jadernyje reaktory | |
| 250 | |a 2.izd. | ||
| 260 | |a Moskva : |b Energoatomizdat, |c 1985 | ||
| 300 | |a 350 s | ||
| 996 | |b E58185 |c E*58185 |l EE10 |s P |a 0 |w stu86178_0001 | ||
| 996 | |b E58186 |c E*58186 |l EE10 |s P |a 0 |w stu86178_0002 | ||